Sports Quiz

Random Sports or NFL Quiz

NFL Chain Game Minefield Quiz Stats

 Plays Quiz not verified by Sporcle

Score 0/18 Timer 05:00
0 Plays Today
% Correct
???
99%
???
91.3%
???
85%
???
84.5%
???
81.6%
???
79.2%
???
68.1%
???
63.3%
???
63.3%
% Correct
???
63.3%
???
37.2%
???
28%
???
25.1%
???
25.1%
???
25.1%
???
25.1%
???
24.6%
???
24.6%

You're not logged in!

Compare scores with friends on all Sporcle quizzes.
OR
Log In

Sporcle TV

Today on Sporcle TV


Watch our educational content, quiz creation guides, and fun videos on Sporcle TV.

Show Comments

Extras

Created Aug 30, 2019ReportNominate
Tags:Football Quiz, NFL Quiz

Top Quizzes Today


Score Distribution

Your Account Isn't Verified!

In order to create a playlist on Sporcle, you need to verify the email address you used during registration. Go to your Sporcle Settings to finish the process.

Report this User

Report this user for behavior that violates our Community Guidelines.

Details: